000 00314nam a22001457a 4500
008 221010b ||||| |||| 00| 0 eng d
020 _a0723670528
041 _aeng
080 _a610.73
082 _a610.73 HAM
100 _a9
101 _aINF
245 _aPRIMARY CARE CERIATRICS
_cHAM R
942 _2udc
_cBK
999 _c58430
_d58430